| 000 | 01232nam a22002537a 4500 | ||
|---|---|---|---|
| 005 | 20150703105832.0 | ||
| 010 | _aENG-113323 | ||
| 020 |
_c850.00 _a0198099282 |
||
| 020 |
_c850.00 _a9780198099284 |
||
| 035 | _aEN-96855 | ||
| 037 | _bDBAD/PUB | ||
| 082 | _a791.430954162 | ||
| 100 | _aSharma, Bobbeeta | ||
| 245 |
_aThe moving image and Assamese culture : _cby Bobbeeta Sharma _bJoymoti, Jyotiprasad Agarwala, and Assamese cinema / |
||
| 260 |
_aNew Delhi _bOxford University Press _c2014 |
||
| 270 |
_aYMCA Library Building, 1 Jai Singh Road, _bNew Delhi _e110001 |
||
| 300 |
_axxxvii,184p. : _c23cm(Hb) _bill. |
||
| 500 | _a Includes bibliographical references (pages 158-163) and index. | ||
| 500 | _aIncludes filmography (pages 164-166). | ||
| 505 | _a Performing arts before the birth of Assamese cinema -- Advent of popular culture : theatre and cinema -- Jyotiprasad Agarwala -- The making of Joymoti -- Responses to Joymoti -- After Joymoti : seventy-five years of Assamese cinema -- Journey down the line : conversations. | ||
| 600 |
_a Agarwala, Jyotiprasad, _d1903-1951. |
||
| 650 |
_a Motion pictures _zIndia _zAssam _x History _y 20th century. |
||
| 942 |
_2ddc _cEN _mSHA _h791.430954162 |
||
| 999 |
_c94464 _d94464 |
||